000 00668nam a2200217 i 4500
001 10443
003 ES-MaACL
005 20230906145905.0
007 t|
008 950619s1952 sp f |||| |dspa d
080 _a235.3:929(460)
100 1 _aRodríguez Pantoja, Miguel.
_998718
245 1 0 _aEspaña en los altares /
_cpor Miguel Rodríguez Pantoja.
260 _aMadrid :
_bPublicaciones Españolas,
_c1952.
300 _a30 p., [4] p. de lám. ;
_c24 cm.
490 1 _aTemas españoles ;
_v8
650 4 _aSantos cristianos-
_xBiografías.
_9159200
830 0 _aTemas españoles ;
_v8
_9178712
852 _aES-MaACL
_jL-17825
999 _c10443
_d10443